Power engineering

Bibliographic Details
Previous Title:Power generation
Format: Electronic Journal
Language:English
Published: [Tulsa, OK, etc.], [PennWell Pub. Co., etc.]
Subjects:
Online Access:Full text available from Research Library: 06/01/1988 to 11/30/2013

MARC

LEADER 00000nas a2200000 4500
001 ssj0006538
003 WaSeSS
005 20200512172242.0
006 m d
007 cr n
008 800529c19509999okumr p s 0 a0eng c
010 |a  50048503   |z sn 81003974  
022 |l 0032-5961  |y 0032-5961 
030 |a POENAI 
032 |a 440980  |b USPS 
035 |a (WaSeSS)ssj0006538 
037 |b PennWell Publishing, 1250 S. Grove, Suite 302, Barrington, IL 60010 
040 |a NYG  |b eng  |c NYG  |d NSD  |d FUG  |d DLC  |d SER  |d AIP  |d NST  |d NSD  |d NST  |d NSD  |d NST  |d EBZ  |d NSD  |d NST  |d NSD  |d NST  |d OCLCQ  |d DLC  |d OCLCQ  |d U9S  |d OCLCQ  |d ORZ  |d OCLCF  |d OCLCO  |d OCLCQ  |d RDF  |d VT2  |d ZAS  |d MMM  |d OCLCO  |d WaSeSS 
042 |a nsdp  |a pcc 
050 0 0 |a TJ1  |b .P77 
082 0 4 |a 621/.05  |2 19 
210 0 |a Power eng.  |b (Barringt. Ill.) 
222 0 |a Power engineering  |b (Barrington, Ill.) 
245 0 0 |a Power engineering  |h [electronic resource]. 
260 |a [Tulsa, OK, etc.],  |b [PennWell Pub. Co., etc.] 
310 |a Monthly 
362 0 |a v. 54, no. 5- May 1950- 
500 |a The engineering magazine of power generation. 
500 |a No. 12 of each vol. is the buyer's guide for that year. 
506 |a License restrictions may limit access. 
650 0 |a Mechanical engineering  |v Periodicals. 
650 6 |a Génie mécanique  |x Périodiques. 
650 7 |a Mechanical engineering.  |2 fast  |0 (OCoLC)fst01013375 
655 0 |a Electronic journals. 
770 0 |t New generating plants  |x 0744-1770 
780 0 0 |t Power generation  |x 0097-2843  |w (OCoLC)1928879 
850 |a CU-I  |a CoU  |a DLC  |a DeU  |a FU  |a INS  |a NcD  |a NcRS  |a NjMuA  |a NvU  |a PU  |a ViBlbV 
853 2 0 |8 1  |a v.  |u 12  |v r  |i (year)  |w m 
856 4 0 |z Full text available from Research Library: 06/01/1988 to 11/30/2013  |u https://search.proquest.com/publication/24959 
863 4 1 |8 1.1  |a 54  |i 1950